000
00288nam a22001337a 4500
008
170330b xxu||||| |||| 00| 0 eng d
020
_a
9780738209753
041
_a
eng
080
_a
616-053.2
100
_a
8
101
_a
SHM
245
_a
BAY FIRST YEAR
_c
CURTIS.C.B
942
_2
udc
_c
BK
999
_c
9092
_d
9092